Countries of the World Venn Diagram #1 - Statistics

General Stats
  • This quiz has been taken 7,237 times
  • The average score is 6 of 10
Answers on the Map
Answers color-coded by a green-red scale on the quiz's map according to % correct below.
 
Answer Stats
Answer % Correct
Argentina
81%
Germany
74%
Switzerland
72%
Czech Republic
67%
Spain
64%
Bhutan
60%
Bolivia
58%
El Salvador
56%
Gambia
54%
Ghana
50%
No matching quizzes found
Score Distribution
Percent of People with Each Score
Percentile by Number Answered
Your Score History
You have not taken this quiz